00654nam a2200169 a 450000100100000000500170001000800410002702000150006804000250008310000400010824501080014826000430025630000210029950000420032095201050036299900170046700003781920201002031124.0130306s1988 sp 000 0 spa d a8486902045 aDO-SdBNPbspacBNPHU1 aSánchez Ron, José Manuel91492310aCiencia y sociedad en España :bde la ilustración a la guerra civil /cJosé Manuel Sánchez Ron. aMadrid :bEdiciones el Arquero,c1988. a306 p. ;c22 cm. aIncluye notas al pie de las páginas 001050718MOaPDbPDcCTd2013-03-06iLF1l0o p37819-10r2020-06-25w2020-06-25y1ZNo se presta c37309d37309